THE SWAN QUEEN / THE SACRED TREE / PINTO-THE ACCORDIONIST (Record no. 377924)

MARC details
000 -LEADER
fixed length control field 00494nam a2200157Ia 4500
008 - FIXED-LENGTH DATA ELEMENTS--GENERAL INFORMATION
fixed length control field 100122s9999 xx 000 0 und d
082 ## - DEWEY DECIMAL CLASSIFICATION NUMBER
Item number 60290
Classification number B823.08
100 ## - MAIN ENTRY--PERSONAL NAME
Personal name BHANOT T R
245 ## - TITLE STATEMENT
Title THE SWAN QUEEN / THE SACRED TREE / PINTO-THE ACCORDIONIST
250 ## - EDITION STATEMENT
Edition statement 0
260 ## - PUBLICATION, DISTRIBUTION, ETC. (IMPRINT)
Name of publisher, distributor, etc DREAMLAND PUBLICATIONS
Date of publication, distribution, etc 2000
300 ## - PHYSICAL DESCRIPTION
Extent 100
630 ## - SUBJECT ADDED ENTRY--UNIFORM TITLE
Uniform title THE SWAN QUEEN / THE SACRED TREE / PINTO-THE ACCORDIONIST
730 ## - ADDED ENTRY--UNIFORM TITLE
Uniform title THE SWAN QUEEN / THE SACRED TREE / PINTO-THE ACCORDIONIST
942 ## - ADDED ENTRY ELEMENTS (KOHA)
Koha item type Book
Holdings
Withdrawn status Lost status Damaged status Not for loan Home library Current library Date acquired Cost, normal purchase price Total Checkouts Full call number Barcode Date last seen Cost, replacement price Price effective from Koha item type Public note
        S.V. Pathak Library, Vile Parle S.V. Pathak Library, Vile Parle 10/30/2001 60.00   60290 SVPPARLE-60290 01/25/2010 60.00 01/25/2010 Book ", , General, NA"